01395nam a2200277 i 4500001000300000245008100003246005400084260007000138300002800208490023100236500009700467504002800564546006000592650003100652650002900683700004400712830007100756830009300827015001800920040000800938041001300946044000800959080001100967008004100978856009801019bg00aTechnologia i zarządzanie w budownictwie /c[red. nauk. Ewa Marcinkowska].15aTechnology and management in building engineering aWrocław :bOficyna Wydawnicza Politechniki Wrocławskiej,c2008. a456 s. :bil. ;c24 cm.1 aPrace Naukowe Instytutu Budownictwa Politechniki Wrocławskiej. Studia i Materiały =aScientific Papers of the Institute of Building Engineering of the Wrocław University of Technology. Studies and Research,x0137-6241 ;v20 aTyt. równol.: Technology and management in building engineering. Numeracja serii gł.: 91. aBibliogr. przy pracach. aStreszcz. ang. przy pracach. Spis treści także ang. 9aBudownictwoxzarządzanie 9aBudownictwoxtechnologia1 aMarcinkowska, Ewac(budownictwo).eRed. 0aPrace Naukowe Instytutu Budownictwa Politechniki Wrocławskiejv91 0aPrace Naukowe Instytutu Budownictwa Politechniki Wrocławskiej.pStudia i Materiałyv20 aPB 22731/2008 cBPK0 apolbeng aPOL a69:005090803s2008 pl a |000 0 pol  uhttp://koha.tu.koszalin.pl/cgi-bin/koha/opac-detail.pl?biblionumber=56576yKatalog online BPK